Datum a čas kvízu
25.5
Celkem bodů
Celkový počet nahraných bodů na tomto kvízu bez doplňovacích otázek.
4.
Pořadí na kvízu
Konečné umístění týmu na tomto kvízu.
Zaznamenané odpovědi
| # | Otázka | Odpověď | Body | Výsledky |
|---|---|---|---|---|
| 1. | Sněmovní podvýbor posuzoval ve... | 1 | ||
| 2. | Vůdce autonomního Čečenska Ram... | 1 | ||
| 3. | V nové znělce, která bude slav... | 0 | ||
| 4. | Mezinárodní společnost pro ban... | 0 | ||
| 5. | „Dejte mu Zlatý míč, musíte mu... | 0 | ||
| 6. | V každé z otázek v tomto témat... | 0 | ||
| 7. | Filmy s premiérou v roce 2014. | 0 | ||
| 8. | Osoby narozené před rokem 1918... | 0 | ||
| 9. | Živočišné druhy v Orwellově Fa... | 0 | ||
| 10. | Obrazy Leonarda da Vinciho. | 0 |